[Event "Wch U16"]
[Site "Al Ain"]
[Date "2013.12.29"]
[Round "11"]
[White "Mezhlumyan, Marat"]
[Black "Todorovic, Nenad I"]
[Result "1/2-1/2"]
[WhiteElo "1927"]
[BlackElo "2125"]
[PlyCount "100"]
[EventDate "2013.12.18"]
[EventType "swiss"]
[EventRounds "11"]
[EventCountry "UAE"]
[SourceTitle "CBM 158 Extra"]
[Source "ChessBase"]
[SourceDate "2014.02.28"]
[SourceVersion "1"]
[SourceVersionDate "2014.02.28"]
[SourceQuality "1"]

1. Nf3 c5 2. g3 Nc6 3. Bg2 g6 4. 0-0 Bg7 5. c4 d6 6. Nc3 Nf6 7. b3 e5 8. Bb2 0-0 9. e3 Nh5 10. d4 exd4 11. exd4 Nxd4 12. Nxd4 Bxd4 13. Qd2 Qa5 14. Rad1 Bg4 15. Ne2 Qxd2 16. Rxd2 Bxb2 17. Rxb2 Rab8 18. Nc3 Nf6 19. Rd2 Rfd8 20. h3 Be6 21. Rfd1 Ne8 22. Ne4 b6 23. g4 Kf8 24. Ng5 h6 25. Nxe6+ fxe6 26. Bc6 Nf6 27. Rxd6 Ke7 28. Rxd8 Rxd8 29. Rxd8 Kxd8 30. f4 Kc7 31. Bf3 g5 32. fxg5 hxg5 33. Kf2 Kd6 34. Ke3 Ke5 35. Bc6 Ng8 36. Bb7 Ne7 37. Be4 Nc8 38. Bb7 Nd6 39. Bc6 Nf7 40. Bb7 Kf6 41. Bc6 Ne5 42. Bb7 Ng6 43. Be4 Nf8 44. Kf3 Nd7 45. Bb7 Ke5 46. Ke3 Nf8 47. Be4 Nd7 48. Bc6 Nf8 49. Be4 Nd7 50. Bc6 Nf8 1/2-1/2

[Event "Wch U16"]
[Site "Al Ain"]
[Date "2013.12.24"]
[Round "8"]
[White "Mezhlumyan, Marat"]
[Black "Cortes Orihuela, Javier"]
[Result "0-1"]
[WhiteElo "1927"]
[BlackElo "2131"]
[PlyCount "72"]
[EventDate "2013.12.18"]
[EventType "swiss"]
[EventRounds "11"]
[EventCountry "UAE"]
[SourceTitle "CBM 158 Extra"]
[Source "ChessBase"]
[SourceDate "2014.02.28"]
[SourceVersion "1"]
[SourceVersionDate "2014.02.28"]
[SourceQuality "1"]

1. c4 Nf6 2. Nc3 d5 3. cxd5 Nxd5 4. Nf3 g6 5. e4 Nxc3 6. bxc3 Bg7 7. d4 c5 8. Be3 Qa5 9. Qd2 0-0 10. Be2 Nc6 11. Rc1 cxd4 12. cxd4 Qxd2+ 13. Kxd2 Rd8 14. Rhd1 Nxd4 15. Nxd4 e5 16. Kc3 exd4+ 17. Bxd4 Rxd4 18. Rxd4 Be6 19. Kd3 Bxd4 20. Kxd4 Bxa2 21. Rc7 Rb8 22. Kc5 b6+ 23. Kb5 a5 24. Bg4 Bb1 25. Be2 Bxe4 26. Bc4 Bxg2 27. Bxf7+ Kh8 28. Bc4 Bh3 29. Kc6 Bg4 30. Bd5 b5 31. f3 Bf5 32. Kd6 b4 33. Ke5 b3 34. Kf6 b2 35. Kg5 b1Q 36. Kh6 g5 0-1

[Event "Wch U16"]
[Site "Al Ain"]
[Date "2013.12.20"]
[Round "3"]
[White "Mezhlumyan, Marat"]
[Black "Mosadeghpour, Masoud"]
[Result "1/2-1/2"]
[WhiteElo "1927"]
[BlackElo "2230"]
[PlyCount "133"]
[EventDate "2013.12.18"]
[EventType "swiss"]
[EventRounds "11"]
[EventCountry "UAE"]
[SourceTitle "CBM 158 Extra"]
[Source "ChessBase"]
[SourceDate "2014.02.28"]
[SourceVersion "1"]
[SourceVersionDate "2014.02.28"]
[SourceQuality "1"]

1. e4 e5 2. Nf3 Nf6 3. Nxe5 d6 4. Nf3 Nxe4 5. Qe2 Qe7 6. d3 Nf6 7. Bg5 Qxe2+ 8. Bxe2 Be7 9. Nc3 c6 10. d4 h6 11. Bf4 0-0 12. d5 g5 13. Bg3 Nh5 14. Nd4 Nxg3 15. hxg3 Kg7 16. g4 Bf6 17. 0-0-0 Be5 18. Ne4 cxd5 19. Ng3 Bxg3 20. fxg3 Nc6 21. Nb5 Rd8 22. Nc7 Rb8 23. Nxd5 Re8 24. Nc3 Ne5 25. Rxd6 Bxg4 26. Rdxh6 Bxe2 27. Rh7+ Kf6 28. Nxe2 Ng4 29. Nc3 Kg6 30. R7h3 Rbd8 31. Rf1 Ne3 32. Rf2 Nxg2 33. Rh1 Ne3 34. Re1 Nf5 35. Rg1 Nd4 36. Rd1 Ne6 37. Rdf1 Re7 38. Rf6+ Kg7 39. R6f5 Rd4 40. Nb5 Rdd7 41. Nxa7 Kg6 42. Nc8 Re8 43. Nb6 Rc7 44. Nd5 Rxc2+ 45. Kb1 Nd4 46. Rf6+ Kh5 47. Rh1+ Kg4 48. Rd1 Rd2 49. Rff1 Ree2 50. Nf6+ Kh3 51. Rxd2 Rxd2 52. Ne4 Rd3 53. a4 f5 54. Nxg5+ Kg2 55. Rf4 Rd1+ 56. Ka2 Kxg3 57. Ne6 Nxe6 58. Rxf5 Kg4 59. Rf7 Nd8 60. Rf6 Rc1 61. Rb6 Kf5 62. a5 Rc6 63. Rb4 Ke5 64. Rh4 Rc2 65. Ra4 Nc6 66. a6 bxa6 67. Rxa6 1/2-1/2